000 00345 a2200157 4500
001 50055
020 _a8526249622
040 _cAnchieta - Bela Vista
100 _aMachado, Nílson José
240 1 0 _aA peteca do pinto
_lpor
245 1 0 _aA peteca do pinto
300 _a24
362 0 _a2003
650 4 _aLiteratura infantil
942 _cBK
999 _c50055
_d50055